| 000 | 01420cam a22003857a 4500 | ||
|---|---|---|---|
| 001 | 14555889 | ||
| 003 | OSt | ||
| 005 | 20240415170422.0 | ||
| 008 | 060918s2002 enka b 001 0 eng d | ||
| 010 | _a 2001132916 | ||
| 015 | _aGBA1-U8911 | ||
| 020 | _a0761972706 (hbk.) | ||
| 020 | _a0761972714 (pbk.) | ||
| 035 | _a(CStRLIN)NJRGA1776976-B | ||
| 035 | _a(NjR)a1776976 | ||
| 040 |
_aUKM _cDNLM _dNNU _dCStRLIN _dDLC |
||
| 042 | _alccopycat | ||
| 050 | 0 | 0 |
_aR726.7 _b.H435 2002 |
| 082 | 0 | 4 |
_a610.19 _221 |
| 082 | 0 | 4 | _aWM100 H346d 2002 |
| 100 |
_aEdited by Marks, David _916959 |
||
| 245 | 0 | 4 | _aThe Health Psychology Reader |
| 260 |
_aLondon ; _bSAGE Publications, _c2002. |
||
| 300 |
_ax, 388 p. : _bill. ; _c25 cm. |
||
| 500 | _aCompanion to: Health psychology : theory, research and practice. London ; Thousand Oaks [Calif.] : SAGE, c2002. | ||
| 504 | _aIncludes bibliographical references (p. [378]-380) and index. | ||
| 650 | 0 |
_aHealth psychology. _99786 |
|
| 650 | 0 |
_aPsychiatry _9351 |
|
| 730 | 0 | 2 |
_aHealth psychology. _916043 |
| 856 | 4 | 2 |
_3Publisher description _uhttp://www.loc.gov/catdir/enhancements/fy0668/2001132916-d.html |
| 856 | 4 | 1 |
_3Table of contents only _uhttp://www.loc.gov/catdir/enhancements/fy0668/2001132916-t.html |
| 906 |
_a7 _bcbc _ccopycat _d3 _encip _f20 _gy-gencatlg |
||
| 942 |
_2ddc _cO_SHELF |
||
| 999 |
_c7896 _d7896 |
||